000 00805nam a22002297a 4500
005 20251108164320.0
008 250721s1990 xx 000 0 ara d
082 1 4 _a660.6/ريف
100 1 _aريفيير، جاك
245 1 0 _aالتطبيقات الصناعية لعلم الأحياء المجهرية /
264 1 _aبغداد :
_bوزارة التعليم العالي و البحث العلمي - جامعة صلاح الدين،
_c1990.
300 _a410ص
650 1 7 _aعلم الأحياء الدقيقة
650 1 7 _aالتخمر
650 1 7 _aالبكتيريا
700 1 _aموس، إم. أو.
_eترجمة
700 1 _aسميث، ج.أي.
700 1 _aمحيي الدين، محمد عمر
700 1 _aناصر، نزار إدور
942 _2ddc
_cBK
999 _c9114
_d9114